Statistics for Disney Channel Actresses

Click here to take the quiz!

General Stats

  • This quiz has been taken 83 times
  • The average score is 6 of 15

Answer Stats

Answer% Correct
Zendaya
99%
Peyton List
79%
Debby Ryan
72%
Dove Cameron
72%
Miley Cyrus
66%
Bella Thorne
54%
Olivia Holt
46%
Laura Marano
43%
China Anne McClain
41%
Bridgit Mendler
35%
Kelli Berglund
15%
Katherine McNamara
7%
Caroline Sunshine
4%
Oana Gregory
0%
Selena Gomaz
0%

Score Distribution

Percentile by Number Answered

Percent of People with Each Score

Your Score History

You have not taken this quiz